Microsoft Office 2000 thực hành và ứng dụng : Cho người mới học đến người thành thạo

Tập hợp đầy đủ các chương trình ứng dụng và các công cụ để sử dụng trong các công việc văn phòng và cá nhân. Kỹ năng cần thiết để xây dựng các tài liệu chuyên nghiệp và cá nhân.

Đã lưu trong:
書目詳細資料
主要作者: Nguyễn, Tiến
格式: 圖書
語言:Undetermined
出版: Hà Nội Giáo dục 2000
主題:
標簽: 添加標簽
沒有標簽, 成為第一個標記此記錄!
Thư viện lưu trữ: Trung tâm Học liệu Trường Đại học Cần Thơ
LEADER 00992nam a2200217Ia 4500
001 CTU_37312
008 210402s9999 xx 000 0 und d
020 |c 130000 
082 |a 005.3 
082 |b T305/T.8 
100 |a Nguyễn, Tiến 
245 0 |a Microsoft Office 2000 thực hành và ứng dụng : 
245 0 |b Cho người mới học đến người thành thạo 
245 0 |c Nguyễn Tiến, Nguyễn Hữu Bình, Nguyễn Văn Tâm 
260 |a Hà Nội 
260 |b Giáo dục 
260 |c 2000 
520 |a Tập hợp đầy đủ các chương trình ứng dụng và các công cụ để sử dụng trong các công việc văn phòng và cá nhân. Kỹ năng cần thiết để xây dựng các tài liệu chuyên nghiệp và cá nhân. 
650 |a Office (Computer programs) 
904 |i Giang sửa 
980 |a Trung tâm Học liệu Trường Đại học Cần Thơ